U.S. States' Production of Goods: Groups of Four - Statistics

General Stats
  • This quiz has been taken 64 times
  • The average score is 28 of 32
Answer Stats
Hint Answer % Correct
solar power California
98%
hydroelectric power California
98%
ice cream California
98%
peanuts Georgia
96%
solar power Texas
96%
oil production Texas
96%
cattle Texas
96%
hydroelectric power New York
94%
apples New York
94%
cattle Oklahoma
94%
solar power Arizona
92%
hydroelectric power Washington
92%
apples Washington
92%
solar power Florida
90%
peanuts Florida
90%
hydroelectric power Oregon
90%
oil production Colorado
86%
oil production New Mexico
86%
peanuts Alabama
84%
coal production Pennsylvania
82%
apples Pennsylvania
82%
ice cream Pennsylvania
82%
coal production West Virginia
82%
apples Michigan
80%
cattle Nebraska
80%
peanuts North Carolina
78%
ice cream Tennessee
78%
coal production Illinois
76%
ice cream Ohio
76%
coal production Wyoming
74%
cattle Missouri
70%
oil production North Dakota
68%
No matching quizzes found
Score Distribution
Percent of People with Each Score
Percentile by Number Answered
Your Score History
You have not taken this quiz